000 00868nam a2200253 i 4500
003 DO-SdBNP
005 20250129080527.0
006 a||||fr|||| 00| 0
007 ta
008 230815n dr a|||| |||| 00| 0 spa d
040 _aDO-SdBNP
_bspa
_cBNPHU
_erda
082 4 _222
_bR426p
110 1 _aRepública Dominicana.
_bSecretaría de Estado de Educación, Bellas Artes y Cultos
_923965
240 _a(Leyes,etc.)
245 _aPlan de estudios de la educación media dominicana:
_bordenanza no. 2'69. /
264 _aSanto Domingo :
_bSecretaría de Educación, Bellas Artes y Cultos,
_c[190?]
300 _a30 páginas ;
_bIlustraciones ;
_c21 cm
336 _2rdacontent
_atexto
_btxt
337 _2rdamedia
_asin mediación
_bn
338 _2rdacarrier
_avolumen
_bnc
490 _aAño de la Educación
590 _aInventariado 2023 / MF
942 _2ddc
_cLF2
999 _c54411
_d54411